000 00538nam a2200217Ia 4500
003 OSt
005 20230516104104.0
008 210423s2007 xx 000 0 und d
020 _a9788180940194
040 _cAL
041 _aeng
082 _a576.163 RAMK
_223
100 _aRAMESH (K Vijaya).
_9104767
245 _aFood microbiology.
260 _aNew Delhi
_bMJP Publishers
_c2007
300 _axx,802
_bPB
365 _b490
_cINR
650 _aFood Microbiology
_9104768
906 _aFood ; microbiology.
942 _2ddc
_cBK
999 _c164794
_d164794